Social media for writers : (Record no. 105513)

MARC details
000 -LEADER
campo de control de longitud fija 02293cam a22004457i 4500
003 - IDENTIFICADOR DE NÚMERO DE CONTROL
campo de control BJBSDDR
005 - FECHA Y HORA DE LA ÚLTIMA TRANSACCIÓN
campo de control 20230411085649.0
007 - CAMPO FIJO DE DESCRIPCIÓN FÍSICA--INFORMACIÓN GENERAL
campo de control de longitud fija ta
008 - DATOS DE LONGITUD FIJA--INFORMACIÓN GENERAL
campo de control de longitud fija 160728s2015 ohua 001 0 eng d
020 ## - NÚMERO INTERNACIONAL ESTÁNDAR DEL LIBRO
Número Internacional Estándar del Libro 9781599639260 (pbk.)
020 ## - NÚMERO INTERNACIONAL ESTÁNDAR DEL LIBRO
Número Internacional Estándar del Libro 1599639262 (pbk.)
035 ## - NÚMERO DE CONTROL DEL SISTEMA
Número de control de sistema 19196144
035 ## - NÚMERO DE CONTROL DEL SISTEMA
Número de control de sistema (OCoLC)ocn905520386
040 ## - FUENTE DE CATALOGACIÓN
Centro catalogador/agencia de origen YDXCP
Lengua de catalogación spa
Centro/agencia transcriptor YDXCP
041 ## - CÓDIGO DE IDIOMA
Código de lengua del texto/banda sonora o título independiente eng
042 ## - CÓDIGO DE AUTENTICACIÓN
Código de autenticación lccopycat
050 14 - SIGNATURA TOPOGRÁFICA DE LA BIBLIOTECA DEL CONGRESO
Número de clasificación Z 285.6
Número de ítem M877s 2015
082 04 - NÚMERO DE LA CLASIFICACIÓN DECIMAL DEWEY
Número de clasificación 002.068/8
Número de edición 23
100 1# - ENTRADA PRINCIPAL--NOMBRE DE PERSONA
Nombre de persona Morris, Tee,
Fechas asociadas al nombre 1968-
245 10 - MENCIÓN DEL TÍTULO
Título Social media for writers :
Resto del título marketing strategies for building your audience and selling books /
Mención de responsabilidad, etc. Tee Morris & Pip Ballantine.
264 #1 - PRODUCCIÓN, PUBLICACIÓN, DISTRIBUCIÓN, FABRICACIÓN Y COPYRIGHT
Producción, publicación, distribución, fabricación y copyright Cincinnati, Ohio :
Nombre del de productor, editor, distribuidor, fabricante Writer's Digest Books,
Fecha de producción, publicación, distribución, fabricación o copyright [2015]
300 ## - DESCRIPCIÓN FÍSICA
Extensión 277 pages :
Otras características físicas illustrations ;
Dimensiones 22 cm
336 ## - TIPO DE CONTENIDO
Término de tipo de contenido text
Fuente rdacontent
337 ## - TIPO DE MEDIO
Nombre/término del tipo de medio unmediated
Fuente rdamedia
338 ## - TIPO DE SOPORTE
Nombre/término del tipo de soporte volume
Fuente rdacarrier
500 ## - NOTA GENERAL
Nota general Includes index.
505 0# - NOTA DE CONTENIDO CON FORMATO
Nota de contenido con formato WordPress : building and developing a blog -- Tumbler : drive-by blogging -- Podcasting : creating on-demand media programs -- Facebook : the king of social media -- Twitter : keeping it brief -- Google+ : a place for discussions and hangouts -- YouTube : introducing video to your content -- Pinterest : your online bulletin board -- Instagram : adding photography to your arsenal -- Additional options : platforms that break the conventions -- SEO : dark arts of search engine optimization -- Content marketing : promoting with and through others -- Best practices in social media.
520 ## - RESUMEN, ETC.
Sumario, etc. Over the past decade, social media has transformed from a fad into a necessity for writers. But for the inexperienced author, trying to make sense of--much less master--the available platforms can be a frustrating experience. The variety of social media options alone is dizzying enough: WordPress, Tumblr, Facebook, Twitter, Google& --
Fuente proveedora Publisher
650 #0 - PUNTO DE ACCESO ADICIONAL DE MATERIA--TÉRMINO DE MATERIA
Término de materia o nombre geográfico como elemento de entrada Books
Subdivisión general Internet marketing.
650 #4 - PUNTO DE ACCESO ADICIONAL DE MATERIA--TÉRMINO DE MATERIA
Término de materia o nombre geográfico como elemento de entrada Libros
Subdivisión general Mercadeo
9 (RLIN) 9738
650 #0 - PUNTO DE ACCESO ADICIONAL DE MATERIA--TÉRMINO DE MATERIA
Término de materia o nombre geográfico como elemento de entrada Authorship
Subdivisión general Internet marketing.
650 #0 - PUNTO DE ACCESO ADICIONAL DE MATERIA--TÉRMINO DE MATERIA
Término de materia o nombre geográfico como elemento de entrada Online social networks.
650 #4 - PUNTO DE ACCESO ADICIONAL DE MATERIA--TÉRMINO DE MATERIA
Término de materia o nombre geográfico como elemento de entrada Redes sociales en línea
9 (RLIN) 1568
650 #0 - PUNTO DE ACCESO ADICIONAL DE MATERIA--TÉRMINO DE MATERIA
Término de materia o nombre geográfico como elemento de entrada Internet in publicity.
650 #0 - PUNTO DE ACCESO ADICIONAL DE MATERIA--TÉRMINO DE MATERIA
Término de materia o nombre geográfico como elemento de entrada Internet marketing.
650 #4 - PUNTO DE ACCESO ADICIONAL DE MATERIA--TÉRMINO DE MATERIA
Término de materia o nombre geográfico como elemento de entrada Mercadeo por internet
9 (RLIN) 1681
700 1# - ENTRADA AGREGADA--NOMBRE PERSONAL
Nombre de persona Ballantine, Pip
Forma completa/desarrollada del nombre (Philippa),
Fechas asociadas al nombre 1971-
9 (RLIN) 9739
942 ## - ELEMENTOS DE ENTRADA SECUNDARIOS (KOHA)
Fuente del sistema de clasificación o colocación Clasificación de Library of Congress
Tipo de ítem Koha Libro
946 ## - PROCESAMIENTO DE INFORMACIÓN LOCAL (OCLC)
a dvf
Holdings
Estatus retirado Estado de pérdida Estado de daño No para préstamo Colección Biblioteca de origen Biblioteca actual Ubicación en estantería Fecha de adquisición Signatura topográfica completa Código de barras Visto por última vez Copia número Tipo de ítem Koha
        Humanidades Biblioteca Juan Bosch Biblioteca Juan Bosch Humanidades (4to. Piso) 11/04/2023 Z 285.6 M877s 2015 00000121374 17/02/2019 1 Libro